| 000 | 00543nam a2200193Ia 4500 | ||
|---|---|---|---|
| 999 |
_c1053 _d1053 |
||
| 003 | OSt | ||
| 005 | 20210122130607.0 | ||
| 008 | 151015s9999 xx 000 0 und d | ||
| 020 | _a085198809 | ||
| 040 |
_aMMU _cMMU _beng _dMMU |
||
| 050 | _aSF105 .G46 1992 | ||
| 245 |
_aGenetic conservation of Domestic Livestock / _cedited by lawrence Alderson. |
||
| 260 |
_a{SL} _bC.A.B International _c1992 |
||
| 300 |
_a282 p. : _bill.; |
||
| 500 | _aincludes index | ||
| 650 | _aGenetic conservation | ||
| 700 | _aImre Bodo | ||
| 942 |
_2lcc _cLOAN LOAN |
||